LEADER 01560nam0 22003131i 450 001 UON00180240 005 20240107101745.146 020 $aIT$b79-10800 100 $a20030730d1979 |0itac50 ba 101 $aita 102 $aIT 105 $a|||| 1|||| 200 1 $aMerica! Merica!$eemigrazione e colonizzazione nelle lettere dei contadini vene ti in America Latina, 1876-1902$fEmilio Franzina 210 $aMilano$cFeltrinelli economica$d1979 215 $a229 p.$d18 cm 316 $aDonazione prof.ssa Amalia Signorelli$5IT-UONSI F. Signorelli3 M1743 410 1$1001UON00021047$12001 $aˆI ‰Nuovi Testi$1210 $aMilano$cFeltrinelli$v204 606 $aItalia$xEmigrazione$xAmerica$3UONC035566$2FI 620 $aIT$dMilano$3UONL000005 676 $a325$cMIGRAZIONE INTERNAZIONALE$v21 700 1$aFRANZINA$bEmilio$3UONV103311$0120743 712 $aFeltrinelli Economica$3UONV276526$4650 801 $aIT$bSOL$c20250808$gRICA 912 $aUON00180240 950 $aSIBA - SISTEMA BIBLIOTECARIO DI ATENEO$dSI F. Signore3 M 1743 $eSI 49119 5 Donazione prof.ssa Amalia Signorelli 950 $aSIBA - SISTEMA BIBLIOTECARIO DI ATENEO$dSI B H 0419 $eSI SC 10225 5 0419 950 $aSIBA - SISTEMA BIBLIOTECARIO DI ATENEO$dSI EUR D A 0690 $eSI SC 10201 5 0690 $sBuono 996 $aMerica! Merica!$9137262 997 $aUNIOR